A kiskereskedelmi árréskorlátozás hatásai
| Szerzők: | |
|---|---|
| Dokumentumtípus: | Könyv része |
| Megjelent: |
Budapesti Gazdaságtudományi Egyetem
Budapest, Magyarország
2026
|
| Sorozat: | Szemelvények a BGE kutatásaiból IV. kötet
|
| Tárgyszavak: | |
| doi: | 10.29180/978-615-6886-28-6_4 |
| Kulcsszavak: | infláció kiskereskedelmi ár árrés árrésstop szabályozás |
| Online Access: | http://publikaciotar.uni-bge.hu/2652 |
MARC
| LEADER | 00000naa a2200000 i 4500 | ||
|---|---|---|---|
| 001 | publ2652 | ||
| 005 | 20260401075506.0 | ||
| 008 | 260331s2026 hu o 000 zxx d | ||
| 020 | |a 978-615-6886-28-6 | ||
| 024 | |a 10.29180/978-615-6886-28-6_4 |2 doi | ||
| 040 | |a BGE Publikációtár Repozitórium |b hun | ||
| 100 | 1 | |a Kozák Tamás | |
| 245 | 1 | 2 | |a A kiskereskedelmi árréskorlátozás hatásai |c Kozák Tamás |h [elektronikus dokumentum] |
| 260 | |a Budapesti Gazdaságtudományi Egyetem |b Budapest, Magyarország |c 2026 | ||
| 300 | |a 1-7 | ||
| 490 | 0 | |a Szemelvények a BGE kutatásaiból IV. kötet | |
| 520 | 3 | |a Az energia és alapanyagárak emelkedése Európa több országában is áremelkedést okozott az élelmiszeriparban. Az input költségek emelkedése, a forint árfolyam alakulása, valamint az általános inflációs nyomás együttesen az élelmiszer árak jelentős emelkedéséhez vezetett. Az élelmiszer-árak stabilizálása, a drágulás lassítása érdekében Magyarországon 2025. március 17-től árréskorlátozás lépett hatályba. A tanulmány elemzi az árrésstop szabályozás élelmiszerkiskereskedelemre gyakorolt hatását, kiemelve azt, hogy milyen hatással van az érintett vállalatok jövedelmezőségére, az ellátási láncban érintett gazdasági szereplők együttműködésére. A tanulmányban az Opten adatbázis szekunder adatainak elemzésén keresztül vizsgáljuk, hogy miért korlátozott az árrésstop közvetlen hatása a kijelölt termékek fogyasztói áraira, illetve miért nem eredményez az árrésstop tartós árcsökkentést. Bemutatásra kerülnek az élelmiszer-kiskereskedelmi árrésstop intézkedés gazdasági és piaci hatásai, illetve a beszállítók pótlólagos költségeinek megjelenése a fogyasztói árakban. A kutatási eredmények rávilágítanak arra, hogy a magas élelmiszerinfláció miért nem a kiskereskedelmi árrések emelkedésére vezethető vissza elsődlegesen, ezért miért nem hatékony és a kiskereskedelmi árrések központi szabályozása miért nem a legmegfelelőbb eszköz az infláció kezelésére/visszaszorítására | |
| 650 | 4 | |a közgazdaságtudományok | |
| 695 | |a infláció | ||
| 695 | |a kiskereskedelmi ár | ||
| 695 | |a árrés | ||
| 695 | |a árrésstop | ||
| 695 | |a szabályozás | ||
| 700 | 1 | |a Taralik Krisztina |e aut | |
| 856 | 4 | 0 | |u https://publikaciotar.uni-bge.hu/id/eprint/2652/1/BGE%20Szemelv%C3%A9nyek%202025_4.cikk.pdf |z Dokumentum-elérés |